Normal view
MARC view
Entry Personal Name
001 - CONTROL NUMBER
- control field: 16416
003 - CONTROL NUMBER IDENTIFIER
- control field: ARRUPE
005 - DATE AND TIME OF LATEST TRANSACTION
- control field: 20150318114533.0
008 - FIXED-LENGTH DATA ELEMENTS
- fixed length control field: 150318|| aca||aabn | a|a d
040 ## - CATALOGING SOURCE
- Original cataloging agency: ARRUPE
- Transcribing agency: ARRUPE
100 ## - HEADING--PERSONAL NAME
- Personal name: Dobbs B.J.T
670 ## - SOURCE DATA FOUND
- Source citation: Work cat.: (ARRUPE): Dobbs B.J.T, Newton and the culture of Newtonianism , 1995